| 000 | 00390nam a2200157Ia 4500 | ||
|---|---|---|---|
| 008 | 160316s1975 xxu||||| |||| 00| 0 eng d | ||
| 082 |
_a341.230000 _bNIC |
||
| 100 | _aNicholas H G | ||
| 245 | _aThe United Nations : As a political institutions | ||
| 250 | _a5th | ||
| 260 |
_aLondon _bOxford University Press _c1975 |
||
| 300 |
_a263 _b _c |
||
| 365 | _b | ||
| 650 | _a1.UNO | ||
| 700 |
_a _a |
||
| 999 |
_c9540 _d9540 |
||